000 00589nam a22001937a 4500
003 BD-DhJNU
005 20250115072741.0
008 250115b |||||||| |||| 00| 0 eng d
020 _a9789843335258
040 _aBD-DhJNU
_bENG
_cBD-DhJNU
_dBD-DhJNU
082 _223
_a338.521
100 _aNaim, S.A.
245 _aTowards understanding the law of public demands recovery /
_cS.A. Naim
260 _aDhaka :
_bUniversity Publications,
_c2022.
300 _axvi, 352 p. :
_bill. ;
_c22 cm.
504 _aincludes bibliographical reference
651 _aPublic demands
942 _2ddc
_cBK
_n0
999 _c1095
_d1095